[Event "Vienna Chess Open 2013"]
[Site "Großer Festsaal im Wiener Rathaus, 1010 Wien"]
[Date "2013.08.22"]
[Round "6.1"]
[White "Krivoborodov, Egor"]
[Black "Poetsch, Hagen"]
[Result "1/2-1/2"]
[WhiteElo "2502"]
[BlackElo "2446"]
[[PlyCount "118"]
[[BlackElo "2446"]

1.e4 e6 2.d4 d5 3.Nc3 Nf6 4.Bg5 dxe4 5.Nxe4 Be7 6.Bxf6 gxf6 7.Nf3 f5 8.Nc3 a6 9.Qd2
b5 10.O-O-O Qd6 11.Be2 Nd7 12.Qe3 Bb7 13.Ne5 Nxe5 14.dxe5 Qc5 15.Qg3 Kf8 16.Bf3 Rg8
17.Qh3 Bxf3 18.Qxf3 Kg7 19.Rhe1 Rad8 20.g4 b4 21.Na4 Qc4 22.Kb1 fxg4 23.Rg1 h5 24.h3
Rxd1+ 25.Qxd1 Qb5 26.hxg4 Qxa4 27.gxh5+ Kh8 28.Rxg8+ Kxg8 29.h6 Kh7 30.Qg4 Bf8 31.Qe4+
Kxh6 32.Qh4+ Kg7 33.Qf6+ Kh7 34.Qxf7+ Bg7 35.Qxe6 Qb5 36.Qf5+ Kg8 37.Qe6+ Kf8 38.Qc8+
Ke7 39.Qxc7+ Ke6 40.Qd6+ Kf5 41.a3 bxa3 42.Qxa3 Bxe5 43.Qh3+ Kf6 44.c3 Ke7 45.Qc8
a5 46.Ka2 Qd5+ 47.Kb1 a4 48.Qg4 Qd3+ 49.Ka2 Qd5+ 50.Kb1 Qd3+ 51.Ka2 Qc2 52.Qc4 Bd6
53.f3 a3 54.Qe4+ Qxe4 55.fxe4 axb2 56.Kxb2 Ke6 57.e5 Bxe5 58.Kb3 Bxc3 59.Kxc3 Ke5 1/2-1/2

[Event "Vienna Chess Open 2013"]
[Site "Großer Festsaal im Wiener Rathaus, 1010 Wien"]
[Date "2013.08.22"]
[Round "6.2"]
[White "Manea, Alexandru"]
[Black "Novikov, Stanislav"]
[Result "0-1"]
[WhiteElo "2390"]
[BlackElo "2545"]
[[PlyCount "66"]
[[BlackElo "2545"]

1.d4 Nf6 2.c4 g6 3.Nc3 Bg7 4.e4 d6 5.Nf3 O-O 6.Be2 Na6 7.O-O e5 8.Be3 Ng4 9.Bg5 Qe8
10.dxe5 dxe5 11.h3 f6 12.Bd2 Nh6 13.Qc1 Nf7 14.c5 c6 15.Bxa6 bxa6 16.Re1 Rb8 17.Qc2
f5 18.exf5 gxf5 19.Rad1 Qe7 20.b4 Qf6 21.Ne2 a5 22.a3 axb4 23.axb4 Be6 24.Bc3 Bd5
25.Ng3 Bxf3 26.gxf3 Ng5 27.Kg2 Nxf3 28.Kxf3 e4+ 29.Kg2 Qxc3 30.Qa2+ Kh8 31.Qxa7 Qf3+
32.Kg1 e3 33.Qa2 f4 0-1

[Event "Vienna Chess Open 2013"]
[Site "Großer Festsaal im Wiener Rathaus, 1010 Wien"]
[Date "2013.08.22"]
[Round "6.3"]
[White "Kim, Alexey"]
[Black "Kostic, Vladimir"]
[Result "1-0"]
[WhiteElo "2477"]
[BlackElo "2430"]
[[PlyCount "95"]
[[BlackElo "2430"]

1.e4 d6 2.d4 Nf6 3.Nc3 e5 4.Nf3 exd4 5.Nxd4 Be7 6.g3 O-O 7.Bg2 Re8 8.O-O c6 9.b3 a5
10.Bb2 Qb6 11.Na4 Qa7 12.c4 Na6 13.Nc2 Bd7 14.Qd2 Nc5 15.Nxc5 Qxc5 16.Ba3 Qh5 17.Bxd6
Bxd6 18.Qxd6 Bh3 19.Bxh3 Qxh3 20.f3 Rad8 21.Qf4 Nh5 22.Qf5 Qxf5 23.exf5 Re2 24.Rad1
Rxd1 25.Rxd1 Kf8 26.Ne1 Rxa2 27.Rd8+ Ke7 28.Rb8 Nf6 29.Rxb7+ Nd7 30.Nd3 Ke8 31.f4
f6 32.g4 Rd2 33.Nf2 Rd4 34.Rc7 a4 35.bxa4 Rxc4 36.Rc8+ Ke7 37.a5 c5 38.a6 Ra4 39.Rc6
Kd8 40.Rd6 Kc7 41.Re6 Kd8 42.Ne4 Nf8 43.Rb6 Nd7 44.Rb7 Rxe4 45.a7 Ra4 46.Rb8+ Kc7
47.a8=Q Rxa8 48.Rxa8 1-0

[Event "Vienna Chess Open 2013"]
[Site "Großer Festsaal im Wiener Rathaus, 1010 Wien"]
[Date "2013.08.22"]
[Round "6.4"]
[White "Dastan, M.Batuhan"]
[Black "Drozdowski, Kacper"]
[Result "1/2-1/2"]
[WhiteElo "2417"]
[BlackElo "2437"]
[[PlyCount "177"]
[[BlackElo "2437"]

1.e4 c5 2.Nf3 e6 3.d4 cxd4 4.Nxd4 a6 5.Nc3 Qc7 6.Bd3 Nf6 7.O-O d6 8.f4 Nbd7 9.Qe2
Be7 10.Kh1 b5 11.Bd2 Bb7 12.b4 O-O 13.a4 bxa4 14.Nxa4 d5 15.e5 Ne4 16.Bxe4 dxe4 17.c4
e3 18.Be1 Rfd8 19.Nc2 Nb8 20.Nxe3 Nc6 21.c5 Nd4 22.Qb2 Qc6 23.Nb6 Rab8 24.Nbc4 Ba8
25.Qf2 Nb3 26.Ra3 Nd4 27.Nd6 Bxd6 28.exd6 Qe4 29.Ra2 Bc6 30.Bc3 Nb5 31.Ba1 f6 32.Qf3
Qxf3 33.gxf3 Nxd6 34.cxd6 Rxb4 35.Rd2 Rxf4 36.Kg2 e5 37.Bc3 Kf7 38.Ba5 Rd7 39.Bc7
Ke6 40.Rc2 Ba4 41.Rd2 Bc6 42.Rc2 Ba4 43.Rc3 Bb5 44.Re1 g5 45.Ng4 h5 46.Nf2 Rg7 47.Re4
Kf5 48.Nh1 h4 49.Nf2 h3+ 50.Nxh3 Rxe4 51.fxe4+ Kxe4 52.Rf3 Rg6 53.Bd8 Bc6 54.Rxf6
Rxf6 55.Bxf6 Kf5+ 56.Kf2 Kxf6 57.Ke3 a5 58.Kd3 Bd7 59.Nf2 Ke6 60.Ne4 g4 61.Nc5+ Kxd6
62.Nb7+ Kd5 63.Nxa5 Bb5+ 64.Ke3 Ba4 65.Nb7 Bb3 66.Nd8 Kd6 67.Nb7+ Kd5 68.Nd8 Bc4 69.Nf7
Bb5 70.Ng5 Bd7 71.Ne4 Bf5 72.Nd2 Ke6 73.Nc4 Kf6 74.Kf2 Bd3 75.Ne3 Kg5 76.Kg3 Be2 77.Nc2
Kf5 78.Ne3+ Ke4 79.Nxg4 Bxg4 80.Kxg4 Kd3 81.h4 e4 82.h5 e3 83.h6 e2 84.h7 e1=Q 85.h8=Q
Qe4+ 86.Kg5 Qg2+ 87.Kh6 Qh3+ 88.Kg7 Qxh8+ 89.Kxh8 1/2-1/2

[Event "Vienna Chess Open 2013"]
[Site "Großer Festsaal im Wiener Rathaus, 1010 Wien"]
[Date "2013.08.22"]
[Round "6.5"]
[White "Vavulin, Maxim"]
[Black "Moser, Eva"]
[Result "1/2-1/2"]
[WhiteElo "2360"]
[BlackElo "2433"]
[[PlyCount "108"]
[[BlackElo "2433"]

1.e4 e6 2.d4 d5 3.Nc3 Nf6 4.Bg5 dxe4 5.Nxe4 Be7 6.Bxf6 gxf6 7.Nf3 f5 8.Nc3 a6 9.Qe2
b5 10.O-O-O b4 11.Na4 Qd5 12.Qc4 Bb7 13.Qxc7 Bd6 14.Qc4 Nd7 15.Qxd5 Bxd5 16.c4 bxc3
17.Nxc3 Bxf3 18.gxf3 Ke7 19.h4 Rhg8 20.Bh3 Rg6 21.Rhe1 Rh6 22.Bxf5 Rxh4 23.d5 Be5
24.dxe6 fxe6 25.Nd5+ exd5 26.Rxd5 Rc8+ 27.Kd2 Rcc4 28.Rxd7+ Kf6 29.Bxh7 Rc7 30.Rxc7
Bxc7 31.Bd3 Ba5+ 32.Ke2 Bxe1 33.Kxe1 a5 34.Kd2 Ke5 35.Ke3 Rf4 36.Be4 Rf8 37.b3 Rf6
38.Kd3 Rb6 39.Kc4 Rb4+ 40.Kc5 Rb8 41.Kc4 Rb4+ 42.Kc5 Rb8 43.Bc6 Kf4 44.Kd6 Rd8+ 45.Bd7
Rb8 46.Kc7 Rb4 47.Ba4 Rd4 48.Bb5 a4 49.Bxa4 Rd2 50.a3 Ra2 51.b4 Rxa3 52.Bc6 Rb3 53.b5
Rxb5 54.Bxb5 Kxf3 1/2-1/2

[Event "Vienna Chess Open 2013"]
[Site "Großer Festsaal im Wiener Rathaus, 1010 Wien"]
[Date "2013.08.22"]
[Round "6.6"]
[White "Sergeyeva, Mariya"]
[Black "Guliyev, Namig"]
[Result "0-1"]
[WhiteElo "2320"]
[BlackElo "2562"]
[[PlyCount "110"]
[[BlackElo "2562"]

1.e4 c5 2.Nf3 e6 3.d4 cxd4 4.Nxd4 Nf6 5.Nc3 d6 6.Bg5 h6 7.Be3 a6 8.a4 b6 9.Bd3 Bb7
10.O-O Nbd7 11.f4 Be7 12.Qe1 Nc5 13.Bd2 O-O 14.b4 Nxd3 15.cxd3 Re8 16.Qg3 Bf8 17.b5
Kh8 18.Rfc1 Rc8 19.bxa6 Bxa6 20.Ncb5 Qd7 21.Kh1 e5 22.fxe5 dxe5 23.Nf5 Bxb5 24.axb5
Nxe4 25.dxe4 Rxc1+ 26.Rxc1 Qxd2 27.Qe3 Qxe3 28.Nxe3 Bc5 29.Nd5 Ra8 30.g3 Ra2 31.Nc3
Rb2 32.Rb1 Rxb1+ 33.Nxb1 Bb4 34.Kg2 g6 35.Kf3 Kg7 36.Ke3 f5 37.Kd3 Kf6 38.Kc4 Ba5
39.exf5 gxf5 40.Na3 Kg5 41.Kd5 e4 42.Nc4 Bb4 43.Ke6 Bc5 44.Ne5 f4 45.h4+ Kh5 46.gxf4
e3 47.f5 e2 48.Nd3 Kxh4 49.f6 Kg3 50.f7 Bf8 51.Kd5 h5 52.Ke4 Bh6 53.f8=Q Bxf8 54.Ke3
h4 55.Kxe2 h3 0-1

[Event "Vienna Chess Open 2013"]
[Site "Großer Festsaal im Wiener Rathaus, 1010 Wien"]
[Date "2013.08.22"]
[Round "6.7"]
[White "Pirrot, Dieter"]
[Black "Sokolov, Ivan"]
[Result "1-0"]
[WhiteElo "2377"]
[BlackElo "2656"]
[[PlyCount "57"]
[[BlackElo "2656"]

1.e4 e5 2.Nf3 Nc6 3.Bc4 Bc5 4.c3 Nf6 5.d4 exd4 6.cxd4 Bb4+ 7.Bd2 Bxd2+ 8.Nbxd2 d5
9.exd5 Nxd5 10.Qb3 Nce7 11.O-O O-O 12.Rfe1 Nb6 13.Bd3 Ned5 14.Ne4 Nf4 15.Neg5 g6 16.Bf1
Kg7 17.g3 Nfd5 18.h4 Bf5 19.Bd3 Bxd3 20.Qxd3 Nf6 21.Ne5 Qd5 22.Rac1 c6 23.Qa3 Nc8
24.Rc5 Qd6 25.Nexf7 Rxf7 26.Nxf7 Kxf7 27.Qb3+ Kf8 28.Re6 Qxd4 29.Rc4 1-0

[Event "Vienna Chess Open 2013"]
[Site "Großer Festsaal im Wiener Rathaus, 1010 Wien"]
[Date "2013.08.22"]
[Round "6.8"]
[White "Fier, Alexandr"]
[Black "Tjomsland, Stig"]
[Result "0-1"]
[WhiteElo "2595"]
[BlackElo "2337"]
[[PlyCount "158"]
[[BlackElo "2337"]

1.Nf3 Nf6 2.c4 e6 3.g3 d5 4.Bg2 Be7 5.O-O O-O 6.d4 dxc4 7.Qc2 a6 8.Qxc4 b5 9.Qc2 Bb7
10.Bd2 Bd6 11.Ng5 Bxg2 12.Kxg2 h6 13.Nf3 Nbd7 14.Ba5 Rc8 15.Qc6 Nb8 16.Qb7 Qd7 17.Rc1
c5 18.Qxd7 Nbxd7 19.Nbd2 c4 20.b3 Ba3 21.Rc2 cxb3 22.Rxc8 Rxc8 23.axb3 Bd6 24.Ra2
Kf8 25.e4 Be7 26.Ne1 Ke8 27.Nd3 Nb8 28.Ne5 Nfd7 29.Nxd7 Kxd7 30.Nf3 Bf6 31.Bd2 Kc6
32.g4 Kb7 33.h4 Rd8 34.Bc3 Nc6 35.Rd2 b4 36.Bb2 Na5 37.Rd3 g6 38.Bc1 Bg7 39.d5 exd5
40.exd5 Kb6 41.Nd2 Rc8 42.d6 Rxc1 43.d7 Nb7 44.d8=Q+ Nxd8 45.Rxd8 Kc7 46.Re8 Bc3 47.Nc4
Bf6 48.Rf8 Bd4 49.Rxf7+ Kc6 50.Rf8 Rc3 51.Rg8 g5 52.Rg6+ Kc5 53.Rxa6 Rxc4 54.Ra5+
Kb6 55.Rd5 Rc3 56.Rxd4 Kc5 57.Re4 gxh4 58.Re6 h3+ 59.Kh2 Rxb3 60.Rxh6 Rf3 61.Rh8 b3
62.g5 Rf5 63.Rb8 Kc4 64.f4 Rxf4 65.Kxh3 Kc3 66.Rc8+ Kd2 67.Rb8 Kc2 68.Kg3 Rc4 69.g6
Rc6 70.Kf2 Rxg6 71.Rc8+ Kb1 72.Ke2 Rd6 73.Ra8 b2 74.Ra7 Rd4 75.Ke3 Kc2 76.Kxd4 b1=Q
77.Rc7+ Kd2 78.Rc4 Qb6+ 79.Ke4 Qe6+ 0-1

[Event "Vienna Chess Open 2013"]
[Site "Großer Festsaal im Wiener Rathaus, 1010 Wien"]
[Date "2013.08.22"]
[Round "6.9"]
[White "Lugovskoy, Maxim"]
[Black "Shchekachev, Andrei"]
[Result "1/2-1/2"]
[WhiteElo "2372"]
[BlackElo "2527"]
[[PlyCount "58"]
[[BlackElo "2527"]

1.e4 c5 2.Nf3 g6 3.d4 cxd4 4.Qxd4 Nf6 5.Nc3 Nc6 6.Qa4 d6 7.e5 dxe5 8.Nxe5 Bd7 9.Nxd7
Qxd7 10.Be3 Bg7 11.Be2 O-O 12.O-O Qc7 13.Rad1 a6 14.Bf4 e5 15.Be3 b5 16.Qh4 b4 17.Ne4
Nxe4 18.Qxe4 Nd4 19.Bxd4 exd4 20.Bd3 Rfe8 21.Qf3 Qe5 22.Bc4 Ra7 23.b3 Qe4 24.Qxe4
Rxe4 25.Rfe1 Rxe1+ 26.Rxe1 Kf8 27.f4 Rc7 28.Kf2 Rc5 29.Bd3 Bf6 1/2-1/2

[Event "Vienna Chess Open 2013"]
[Site "Großer Festsaal im Wiener Rathaus, 1010 Wien"]
[Date "2013.08.22"]
[Round "6.10"]
[White "Kaufeld, Juergen"]
[Black "Chatalbashev, Boris"]
[Result "0-1"]
[WhiteElo "2348"]
[BlackElo "2523"]
[[PlyCount "88"]
[[BlackElo "2523"]

1.e4 d6 2.d4 Nf6 3.Nc3 g6 4.Be3 c6 5.Qd2 b5 6.f3 Nbd7 7.h4 Nb6 8.b3 h5 9.Nh3 Bxh3
10.Rxh3 Bg7 11.Be2 O-O 12.Kf2 b4 13.Nd1 c5 14.dxc5 dxc5 15.Qxd8 Rfxd8 16.Rb1 Nfd7
17.Nb2 a5 18.Rhh1 Bd4 19.Bxd4 cxd4 20.Rbd1 e5 21.g4 hxg4 22.fxg4 Nc5 23.Kf3 Ne6 24.Nc4
Nd7 25.g5 f6 26.Kg3 Nf4 27.Bg4 Nc5 28.gxf6 Re8 29.f7+ Kxf7 30.Nd6+ Kf6 31.Nxe8+ Rxe8
32.Bf3 Rc8 33.Rd2 Nce6 34.Kf2 Rc3 35.a3 bxa3 36.Ra1 Nc5 37.Rxa3 a4 38.Ra1 axb3 39.cxb3
Nfd3+ 40.Kg1 Nxb3 41.Ra6+ Kg7 42.Rh2 Rc1+ 43.Kg2 Nd2 44.Kg3 Nf1+ 0-1

[Event "Vienna Chess Open 2013"]
[Site "Großer Festsaal im Wiener Rathaus, 1010 Wien"]
[Date "2013.08.22"]
[Round "6.11"]
[White "Hawkins, Jonathan"]
[Black "Srienz, Christian"]
[Result "1-0"]
[WhiteElo "2521"]
[BlackElo "2312"]
[[PlyCount "39"]
[[BlackElo "2312"]

1.Nf3 Nf6 2.c4 e6 3.g3 a6 4.Bg2 b5 5.b3 c5 6.O-O Bb7 7.Nc3 Qb6 8.Re1 Be7 9.e4 O-O
10.e5 Ne8 11.Qe2 Nc6 12.Bb2 f6 13.cxb5 axb5 14.Nxb5 Ba6 15.a4 Nc7 16.exf6 gxf6 17.Nh4
Rf7 18.Qh5 Raf8 19.Re4 f5 20.Rg4+ 1-0

[Event "Vienna Chess Open 2013"]
[Site "Großer Festsaal im Wiener Rathaus, 1010 Wien"]
[Date "2013.08.22"]
[Round "6.12"]
[White "Brühl, Andreas"]
[Black "Stanec, Nikolaus"]
[Result "1/2-1/2"]
[WhiteElo "2343"]
[BlackElo "2516"]
[[PlyCount "22"]
[[BlackElo "2516"]

1.d4 Nf6 2.c4 g6 3.Nc3 Bg7 4.Nf3 O-O 5.g3 c5 6.d5 d6 7.Bg2 a6 8.O-O b5 9.cxb5 axb5
10.Nxb5 Ba6 11.Nc3 Nbd7 1/2-1/2

[Event "Vienna Chess Open 2013"]
[Site "Großer Festsaal im Wiener Rathaus, 1010 Wien"]
[Date "2013.08.22"]
[Round "6.13"]
[White "Weinzettl, Ernst"]
[Black "Hertneck, Gerald"]
[Result "1/2-1/2"]
[WhiteElo "2304"]
[BlackElo "2499"]
[[PlyCount "140"]
[[BlackElo "2499"]

1.e4 e6 2.d4 d5 3.Nd2 Nf6 4.Bd3 c5 5.dxc5 Nc6 6.c3 Ne5 7.Bc2 dxe4 8.Nxe4 Qxd1+ 9.Kxd1
Nxe4 10.Bxe4 f5 11.Bc2 Bxc5 12.Nh3 Bd7 13.Re1 Nc4 14.b3 Nd6 15.Be3 Rc8 16.Nf4 Nb5
17.Bxc5 Nxc3+ 18.Kd2 Rxc5 19.Nxe6 Bxe6 20.Rxe6+ Kf7 21.Rd6 Re8 22.Bd3 Ne4+ 23.Bxe4
Rxe4 24.Re1 Rxe1 25.Kxe1 Ke7 26.Rd2 Rc1+ 27.Ke2 g5 28.h3 h5 29.Ke3 Re1+ 30.Kf3 Re5
31.Rd4 Ra5 32.a4 Rc5 33.Rd3 a5 34.g3 Ke6 35.Ke3 Re5+ 36.Kf3 Re4 37.Rd8 Rb4 38.Rd3
Ke5 39.Ke2 Re4+ 40.Kf1 b6 41.Rc3 Kd5 42.Rf3 f4 43.gxf4 Rxf4 44.Rg3 Rf5 45.Rc3 Kd4
46.Rc6 b5 47.Ke2 Rc5 48.axb5 Rxb5 49.Rc4+ Kd5 50.Ra4 Kc6 51.Kf1 Kb6 52.Ra3 Rb4 53.Kg2
Kb5 54.Kg1 g4 55.hxg4 Rxg4+ 56.Kh2 h4 57.Kh3 Rf4 58.Ra2 Rd4 59.Ra3 Rd5 60.Kxh4 Kb4
61.Ra1 Kxb3 62.f4 a4 63.Kg4 a3 64.f5 Kb2 65.Rf1 a2 66.f6 Rd7 67.Rf2+ Kb3 68.Rf1 Rc7
69.Ra1 Kb2 70.Rxa2+ Kxa2 1/2-1/2

[Event "Vienna Chess Open 2013"]
[Site "Großer Festsaal im Wiener Rathaus, 1010 Wien"]
[Date "2013.08.22"]
[Round "6.14"]
[White "Ramondino, Renzo"]
[Black "Cherniaev, Alexander"]
[Result "0-1"]
[WhiteElo "2205"]
[BlackElo "2451"]
[[PlyCount "44"]
[[BlackElo "2451"]

1.Nf3 g6 2.c4 Bg7 3.d4 f5 4.g3 Nf6 5.Bg2 O-O 6.O-O c6 7.Nc3 Na6 8.Rb1 Ne4 9.Qb3 Kh8
10.e3 Nc7 11.Qc2 d6 12.Rd1 Be6 13.d5 cxd5 14.Nxd5 Nxd5 15.cxd5 Bg8 16.Nd2 Nf6 17.Qd3
Qd7 18.e4 fxe4 19.Nxe4 Nxd5 20.Nxd6 Qxd6 21.Bxd5 Rad8 22.Be4 Qe6 0-1

[Event "Vienna Chess Open 2013"]
[Site "Großer Festsaal im Wiener Rathaus, 1010 Wien"]
[Date "2013.08.22"]
[Round "6.15"]
[White "Fauland, Alexander"]
[Black "Visser, Henk-Jan"]
[Result "0-1"]
[WhiteElo "2447"]
[BlackElo "2262"]
[[PlyCount "92"]
[[BlackElo "2262"]

1.Nf3 d5 2.g3 c6 3.b3 Bg4 4.Bg2 Nd7 5.Bb2 Ngf6 6.d3 e6 7.h3 Bh5 8.g4 Bg6 9.Nh4 Bc5
10.e3 e5 11.a3 a5 12.Nxg6 hxg6 13.Nd2 Qe7 14.g5 Nh5 15.Qg4 Bd6 16.h4 Nf8 17.c4 d4
18.Ne4 Ne6 19.Bh3 Rd8 20.Kd2 Nc5 21.Nxc5 Bxc5 22.Rhe1 dxe3+ 23.fxe3 O-O 24.Kc2 Qd6
25.Bf1 b5 26.d4 bxc4 27.Bxc4 exd4 28.Rad1 Bxa3 29.Bxd4 Qh2+ 30.Re2 Qg3 31.Qe4 Kh7
32.Qxc6 Qg4 33.Qg2 Qf5+ 34.Bd3 Qe6 35.Rb1 a4 36.bxa4 Rb8 37.Kd1 Rfc8 38.Bb5 Qf5 39.Ra1
Bb4 40.Rf2 Qe6 41.Rb1 Ba5 42.Rc2 Nf4 43.Qh2 Qg4+ 44.Kc1 Rxb5 45.exf4 Rxb1+ 46.Kxb1
Qd1+ 0-1

[Event "Vienna Chess Open 2013"]
[Site "Großer Festsaal im Wiener Rathaus, 1010 Wien"]
[Date "2013.08.22"]
[Round "6.16"]
[White "Fröwis, Georg"]
[Black "Ådnøy, Hallvard"]
[Result "1-0"]
[WhiteElo "2432"]
[BlackElo "2256"]
[[PlyCount "97"]
[[BlackElo "2256"]

1.c4 g6 2.g3 Bg7 3.Bg2 e5 4.Nc3 Nc6 5.e3 d6 6.Nge2 h5 7.Rb1 h4 8.b4 h3 9.Bf3 f5 10.d3
g5 11.O-O Nf6 12.Nd5 Nxd5 13.Bxd5 Ne7 14.Bh1 O-O 15.f4 Ng6 16.b5 Rb8 17.fxe5 dxe5
18.Ba3 Rf6 19.Nc3 g4 20.Bd5+ Kh7 21.Qe1 Bd7 22.e4 f4 23.c5 a6 24.bxa6 Rxa6 25.Bc1
Qe7 26.gxf4 exf4 27.Bxf4 Nxf4 28.Rxf4 Qxc5+ 29.Kh1 Qxc3 30.Qxc3 Bxc3 31.Rf7+ Kg6 32.Rxd7
c6 33.Bf7+ Kh6 34.Rg1 Rb6 35.Rd6+ Kg7 36.Bb3 Rf8 37.Rxg4+ Kh7 38.Rh4+ Kg7 39.Rxh3
Rb5 40.Rg3+ Kh7 41.Kg2 Be5 42.Rd7+ Kh6 43.Rh3+ Kg6 44.d4 Bf4 45.e5 Rf5 46.Rd8 Bxe5
47.dxe5 Rfxe5 48.Rg8+ Kf5 49.Rf3+ 1-0

[Event "Vienna Chess Open 2013"]
[Site "Großer Festsaal im Wiener Rathaus, 1010 Wien"]
[Date "2013.08.22"]
[Round "6.17"]
[White "Manik, Mikulas"]
[Black "Swicarz, Maciej"]
[Result "0-1"]
[WhiteElo "2413"]
[BlackElo "2238"]
[[PlyCount "76"]
[[BlackElo "2238"]

1.e4 e5 2.Nf3 Nf6 3.Nxe5 d6 4.Nf3 Nxe4 5.Nc3 Nxc3 6.dxc3 Be7 7.Bf4 Nc6 8.Qd2 Be6 9.O-O-O
Qd7 10.b3 O-O-O 11.Ng5 Bxg5 12.Bxg5 f6 13.Be3 a6 14.h3 h5 15.Be2 Bf5 16.c4 Qe7 17.Kb2
Qe5+ 18.c3 Be4 19.f3 Bf5 20.f4 Qe6 21.Rhe1 Be4 22.Bf2 Rde8 23.Bf1 f5 24.Bh4 Qg6 25.Re3
Re6 26.b4 Rhe8 27.b5 axb5 28.cxb5 Na5 29.Rde1 d5 30.Rg3 Qf7 31.Qd4 g6 32.Rge3 Rd6
33.Ka1 Kd7 34.R3e2 Ra8 35.Qb4 d4 36.Rb2 d3 37.Rd1 Nc4 38.Rf2 Ne3 0-1

[Event "Vienna Chess Open 2013"]
[Site "Großer Festsaal im Wiener Rathaus, 1010 Wien"]
[Date "2013.08.22"]
[Round "6.18"]
[White "Van Kerkhof, David"]
[Black "Handler, Lukas"]
[Result "0-1"]
[WhiteElo "2300"]
[BlackElo "2393"]
[[PlyCount "56"]
[[BlackElo "2393"]

1.c4 Nf6 2.g3 e6 3.Bg2 d5 4.Nf3 dxc4 5.Na3 Bxa3 6.bxa3 O-O 7.Bb2 Nc6 8.Qc2 Re8 9.Qxc4
e5 10.O-O Be6 11.Qh4 Qd6 12.d3 h6 13.Rfc1 Rad8 14.Rc2 Bd5 15.Rac1 Nd7 16.Rd2 Ne7 17.e4
Ng6 18.Qh5 Nf6 19.Qf5 Be6 20.Bxe5 Qd7 21.Bxf6 Bxf5 22.Bxd8 Qxd8 23.exf5 Ne7 24.f6
gxf6 25.Nh4 c6 26.Be4 f5 27.Bf3 Ng6 28.Rc4 b5 0-1

[Event "Vienna Chess Open 2013"]
[Site "Großer Festsaal im Wiener Rathaus, 1010 Wien"]
[Date "2013.08.22"]
[Round "6.19"]
[White "Buhmann, Rainer"]
[Black "Minko, Vladimir"]
[Result "1-0"]
[WhiteElo "2583"]
[BlackElo "2287"]
[[PlyCount "97"]
[[BlackElo "2287"]

1.Nf3 Nf6 2.g3 e6 3.Bg2 d5 4.O-O c5 5.d4 Nc6 6.c4 cxd4 7.Nxd4 Be7 8.cxd5 exd5 9.Nc3
O-O 10.Be3 Be6 11.Rc1 Qa5 12.Qa4 Qxa4 13.Nxa4 Nxd4 14.Bxd4 b6 15.Nc3 Rfd8 16.Rfd1
Rd7 17.e3 Rad8 18.f3 Ne8 19.Nb5 Kf8 20.Bf1 Rb7 21.Kf2 Rc8 22.Rxc8 Bxc8 23.Be5 Bf6
24.Bxf6 Nxf6 25.Rc1 Be6 26.Nd4 Ne8 27.Rc3 Rc7 28.Ra3 Nd6 29.Bd3 Bd7 30.Ke2 Ke7 31.Kd2
g6 32.Ne2 Be6 33.Ra4 h6 34.Nf4 g5 35.Ne2 Bf5 36.Bxf5 Nxf5 37.Nc3 Rd7 38.g4 Nh4 39.Ke2
Ng6 40.Nb5 a5 41.Nd4 Rc7 42.Ra3 Ne5 43.Rb3 Nd7 44.Rd3 Rc1 45.Nf5+ Ke6 46.Rc3 Rh1 47.Rc6+
Ke5 48.Nxh6 Rxh2+ 49.Ke1 1-0

[Event "Vienna Chess Open 2013"]
[Site "Großer Festsaal im Wiener Rathaus, 1010 Wien"]
[Date "2013.08.22"]
[Round "6.20"]
[White "Shengelia, David"]
[Black "Vitouch, Anatol"]
[Result "1-0"]
[WhiteElo "2565"]
[BlackElo "2282"]
[[PlyCount "59"]
[[BlackElo "2282"]

1.d4 d6 2.e4 Nf6 3.Nc3 e5 4.Nf3 Nbd7 5.Bc4 Be7 6.O-O O-O 7.Re1 c6 8.a4 b6 9.d5 cxd5
10.Nxd5 Bb7 11.Nxe7+ Qxe7 12.Bg5 h6 13.Bh4 g5 14.Nxg5 hxg5 15.Bxg5 Kg7 16.Ra3 Rg8
17.Rf3 Kf8 18.h4 Rc8 19.Bb3 Rg6 20.Ree3 Ke8 21.Rf5 Nc5 22.Bd5 Ncxe4 23.Bxe4 Bxe4 24.Rxf6
Rxf6 25.Rxe4 Qb7 26.Bxf6 Qxe4 27.Qxd6 Qb7 28.Qxe5+ Kf8 29.Qd6+ Ke8 30.h5 1-0

[Event "Vienna Chess Open 2013"]
[Site "Großer Festsaal im Wiener Rathaus, 1010 Wien"]
[Date "2013.08.22"]
[Round "6.21"]
[White "Rombaldoni, Denis"]
[Black "Esposito, Luca"]
[Result "1-0"]
[WhiteElo "2496"]
[BlackElo "2277"]
[[PlyCount "61"]
[[BlackElo "2277"]

1.d4 Nf6 2.Bg5 g6 3.Bxf6 exf6 4.c4 Bg7 5.Nc3 O-O 6.g3 d6 7.Bg2 f5 8.e3 Nd7 9.Nge2
Nf6 10.b4 c6 11.O-O Re8 12.Rc1 Ne4 13.Qc2 Qe7 14.Rfd1 Bd7 15.d5 c5 16.Nxe4 fxe4 17.bxc5
dxc5 18.d6 Qf6 19.Bxe4 Rab8 20.Rd2 Red8 21.Bg2 Be8 22.Rcd1 Bd7 23.e4 g5 24.f4 gxf4
25.gxf4 Qg6 26.Ng3 Bg4 27.Rf1 Rxd6 28.f5 Rxd2 29.Qxd2 Qf6 30.Qf4 h5 31.Qxb8+ 1-0

[Event "Vienna Chess Open 2013"]
[Site "Großer Festsaal im Wiener Rathaus, 1010 Wien"]
[Date "2013.08.22"]
[Round "6.22"]
[White "Petrov, Marijan"]
[Black "Kirschner, Alexander"]
[Result "1-0"]
[WhiteElo "2489"]
[BlackElo "2276"]
[[PlyCount "100"]
[[BlackElo "2276"]

1.e4 e6 2.d4 d5 3.e5 c5 4.c3 Nc6 5.Nf3 Bd7 6.Be2 f6 7.O-O fxe5 8.Nxe5 Nxe5 9.dxe5
Qc7 10.f4 O-O-O 11.Nd2 Nh6 12.Nf3 Be7 13.Bd3 Nf7 14.Qe2 Rdg8 15.c4 d4 16.b4 b6 17.bxc5
bxc5 18.Rb1 g6 19.Bd2 Bc6 20.Be4 Nd8 21.Ne1 Kd7 22.Rf3 Bxe4 23.Qxe4 Nc6 24.Rfb3 Rb8
25.Nd3 Rxb3 26.axb3 a5 27.Ra1 Rb8 28.Ra3 Rf8 29.Qe1 Ra8 30.g4 Qd8 31.Qe4 Qf8 32.Ra1
Rb8 33.Bxa5 Rxb3 34.Bd2 Qb8 35.Kf2 Qf8 36.Ke2 Rb6 37.Rf1 Qf7 38.f5 gxf5 39.gxf5 Qh5+
40.Qf3 Qxf3+ 41.Rxf3 exf5 42.Rxf5 Ra6 43.Rf7 Ra2 44.Rxh7 Ke6 45.Rh6+ Kf5 46.Rxc6 Bg5
47.Rf6+ Ke4 48.Nxc5+ Kxe5 49.Nd7+ Ke4 50.Re6+ Kf4 1-0

[Event "Vienna Chess Open 2013"]
[Site "Großer Festsaal im Wiener Rathaus, 1010 Wien"]
[Date "2013.08.22"]
[Round "6.23"]
[White "Akesson, Ralf"]
[Black "Ganaus, Hannes"]
[Result "1-0"]
[WhiteElo "2455"]
[BlackElo "2269"]
[[PlyCount "93"]
[[BlackElo "2269"]

1.Nf3 d5 2.d4 Nf6 3.c4 c6 4.e3 a6 5.Bd3 g6 6.O-O Bg7 7.Nc3 O-O 8.Qb3 dxc4 9.Bxc4 Ne8
10.Qc2 Nd6 11.Bb3 Nd7 12.e4 c5 13.Ne2 cxd4 14.Nexd4 Nb6 15.e5 Nb5 16.Rd1 Qc7 17.Be3
Qxc2 18.Nxc2 Nd7 19.e6 Ne5 20.Nxe5 Bxe5 21.Bh6 Bg7 22.exf7+ Kh8 23.Bxg7+ Kxg7 24.Nd4
Nxd4 25.Rxd4 b5 26.Re1 Ra7 27.h4 a5 28.a3 Rb7 29.f3 e6 30.Bxe6 Bxe6 31.Rxe6 Rfxf7
32.Ra6 Ra7 33.Rdd6 Rxa6 34.Rxa6 a4 35.Rb6 Rf5 36.Rb7+ Kg8 37.Rb8+ Kg7 38.Rb7+ Kg8
39.Kf2 h5 40.Ke3 Kf8 41.g3 Kg8 42.f4 Rc5 43.Kd4 Rc2 44.Rxb5 Rg2 45.Rg5 Rxb2 46.Rxg6+
Kf7 47.Rc6 1-0

[Event "Vienna Chess Open 2013"]
[Site "Großer Festsaal im Wiener Rathaus, 1010 Wien"]
[Date "2013.08.22"]
[Round "6.24"]
[White "Arkell, Keith"]
[Black "Schwab, Rene"]
[Result "1-0"]
[WhiteElo "2444"]
[BlackElo "2255"]
[[PlyCount "45"]
[[BlackElo "2255"]

1.d4 Nf6 2.Nf3 b6 3.c4 Bb7 4.Nc3 Ne4 5.Qc2 Nxc3 6.Qxc3 e6 7.g3 Be7 8.Bg2 O-O 9.O-O
c5 10.Qd3 cxd4 11.Ng5 Bxg5 12.Bxb7 Bxc1 13.Raxc1 Nc6 14.Bxa8 Qxa8 15.Qf3 Qb8 16.Rfd1
Re8 17.Rd2 e5 18.Qd5 Qc7 19.c5 b5 20.a3 Re6 21.e3 a6 22.exd4 exd4 23.Rxd4 1-0

[Event "Vienna Chess Open 2013"]
[Site "Großer Festsaal im Wiener Rathaus, 1010 Wien"]
[Date "2013.08.22"]
[Round "6.25"]
[White "Beshukov, Sergei"]
[Black "Abdumalik, Zhansaya"]
[Result "1-0"]
[WhiteElo "2441"]
[BlackElo "2265"]
[[PlyCount "97"]
[[BlackElo "2265"]

1.c4 e5 2.Nc3 Nf6 3.Nf3 Nc6 4.a3 d5 5.cxd5 Nxd5 6.e4 Nb6 7.Bb5 Bg4 8.h3 Bxf3 9.Bxc6+
bxc6 10.Qxf3 Bc5 11.O-O O-O 12.d3 Qd6 13.Rd1 Rad8 14.Be3 Bd4 15.Rac1 Rd7 16.Bxd4 Qxd4
17.Rc2 Rfd8 18.b4 a6 19.Ne2 Qd6 20.Nc1 Qe6 21.Qg4 Qf6 22.Rdd2 Rd4 23.Qd1 Qe6 24.Rc3
R4d6 25.Nb3 Na4 26.Rc1 Nb6 27.Na5 Rb8 28.Qc2 f5 29.Nxc6 Rf8 30.Qa2 Qxa2 31.Rxa2 Re8
32.exf5 Rxd3 33.Na5 Nd5 34.Rc6 e4 35.Re6 Rxe6 36.fxe6 Kf8 37.Nb7 Ke7 38.Nc5 Rd1+ 39.Kh2
e3 40.fxe3 Nxe3 41.g4 g5 42.Nxa6 Nf1+ 43.Kg2 Kxe6 44.Nxc7+ Ke5 45.Kf2 Kd4 46.Ne6+
Kd3 47.Nxg5 Ne3 48.Nxh7 Nc2 49.g5 1-0

[Event "Vienna Chess Open 2013"]
[Site "Großer Festsaal im Wiener Rathaus, 1010 Wien"]
[Date "2013.08.22"]
[Round "6.26"]
[White "Kilgus, Georg"]
[Black "Khmelevskyi, Sergii"]
[Result "1/2-1/2"]
[WhiteElo "2434"]
[BlackElo "2254"]
[[PlyCount "111"]
[[BlackElo "2254"]

1.Nf3 Nf6 2.g3 b5 3.Na3 a6 4.Bg2 Bb7 5.c4 e6 6.cxb5 Bxa3 7.bxa6 Nxa6 8.bxa3 O-O 9.O-O
Nc5 10.d3 Ra6 11.Qc2 d6 12.e4 Qa8 13.Nd4 Rc8 14.Rb1 Ncd7 15.Nb5 Ne8 16.Nc3 c5 17.a4
Bc6 18.Bd2 Bxa4 19.Nxa4 Rxa4 20.Rb2 Rc7 21.Ra1 Qa6 22.Bf1 Qa8 23.a3 Rca7 24.Qb1 Rxa3
25.Rxa3 Rxa3 26.Rb7 Ra7 27.Rxa7 Qxa7 28.Qb5 Kf8 29.f4 Ke7 30.Be3 Nc7 31.Qb2 f6 32.d4
Qa8 33.dxc5 dxc5 34.Qc2 Qa5 35.Qd3 Qb4 36.e5 Nd5 37.exf6+ N7xf6 38.Bf2 Ne4 39.h4 Nxf2
40.Kxf2 Qd4+ 41.Qxd4 cxd4 42.Kf3 Nc3 43.Bd3 h6 44.g4 Kd6 45.g5 e5 46.fxe5+ Kxe5 47.gxh6
gxh6 48.Kg4 Nd5 49.Bb1 Nf4 50.Bc2 Ng2 51.Bb1 Ne3+ 52.Kh5 Nf5 53.Kg4 Ng7 54.Bc2 Kf6
55.Kf4 h5 56.Bd1 1/2-1/2